000
00334nam a2200145 a 4500
005
20140414093840.0
008
071106s19uu xx 00 eng d
050
_a
VCD 880
_b
TRO
245
_a
Troy.
260
_a
Sl :
_b
Universal Pictures,
_c
c2000.
300
_a
2 videodisks
650
_a
Film.
942
_c
AVM
999
_c
109235
_d
109235